000 00661nam a2200277Ia 4500
005 20260121125513.0
008 008 260114s9999 xx 000 0 eng d
020 _a9783839468418
037 _aEBOOK
040 _aCRL
040 _beng
040 _cCRL
041 _2eng
041 _aeng
084 _qCRL
100 _aRoche, Jeanette
_9994048
245 0 _aQueere Nation?
260 _bWalter de Gruyter
260 _bWalter de Gruyter
260 _c2023
650 _aGermanic and Romanic Studies
_9994049
856 _uhttp://www.degruyter.com/isbn/9783839468418
942 _cEBOOK
999 _c1562493
_d1562493